00490nam a2200169Ia 4500003000400000005001700004008004100021020001800062040000900080082001700089100002100106245009500127250001200222260005800234300000900292650001900301OSt20200911154222.0190216s9999||||xx |||||||||||||| ||und|| a9781259064951 coclc a536.7bMOO/S aMoore, Thomas A  0aSix Ideas That Shaped Physics:bUnit T - Some Processes Are Irreversible /cThomas A Moore a2nd Ed. bMcGraw Hill Education Private Ltd,c2013.aNew Delhi: a185p aModern Physics